LEADER 01133nam0-22003611i-450- 001 990008753830403321 005 20081112102824.0 010 $a978-089871-648-1 035 $a000875383 035 $aFED01000875383 035 $a(Aleph)000875383FED01 035 $a000875383 100 $a20081112d2008----km-y0itay50------ba 101 0 $aeng 102 $aUS 105 $aa-------001yy 200 1 $a<>first course in order statistics$fBarry C. Arnold, N. Balakrishnan, H.N. Nagaraja 210 $aNew York$cJohn Wiley$d2008 215 $aXXIII, 279 p.$d24 cm 225 1 $aClassics in applied mathematics$v54 610 0 $aInferenza statistica$aInferenza non parametrica 610 0 $aStatistica ordinale$aManuali 676 $a519.5 700 1$aArnold,$bBarry C.$068522 701 1$aBalakrishnan,$bNarayanaswamy$f<1956- >$0103508 701 1$aNagaraja,$bHaikady Navada$f<1954- >$0103525 801 0$aIT$bUNINA$gRICA$2UNIMARC 901 $aBK 912 $a990008753830403321 952 $aVI E 475 (54)$b43573$fFSPBC 959 $aFSPBC 996 $aFirst course in order statistics$9720074 997 $aUNINA